Big data in complex and social networks (Record no. 30793)

MARC details
000 -LEADER
fixed length control field 00455nam a2200169Ia 4500
008 - FIXED-LENGTH DATA ELEMENTS--GENERAL INFORMATION
fixed length control field 230917s9999||||xx |||||||||||||| ||und||
020 ## - ISBN
Price GBP70.99
040 ## - CATALOGING SOURCE
-- 254901
Original cataloging agency VIVEKANANDA LIBRARY
041 ## - Language
-- English
082 ## - DDC NUMBER
Classification number 005.7 T326B
100 ## - MAIN ENTRY--PERSONAL NAME
Personal name Thai, My T, ed.
245 #0 - TITLE STATEMENT
Title Big data in complex and social networks
260 ## - PUBLICATION, DISTRIBUTION, ETC. (IMPRINT)
Place of publication, distribution, etc Boca Raton
Name of publisher, distributor, etc CRC Press
Date of publication, distribution, etc 2017
300 ## - PHYSICAL DESCRIPTION
Pages x, 242 p.
500 ## - GENERAL NOTE
General note 3441 04/03/2019 PBA19/1493 25/03/2019 UGC Grant
942 ## - ADDED ENTRY ELEMENTS (KOHA)
Koha item type Books
Holdings
Withdrawn status Lost status Damaged status Not for loan Location (home branch) Sublocation or collection (holding branch) Date acquired Koha issues (times borrowed) Koha full call number Accession No. Koha date last seen Koha item type
        VIVEKANANDA LIBRARY VIVEKANANDA LIBRARY 10/04/2019   005.7 T326B 388488 17/09/2023 Books
© Designed and Maintained by Vivekananda Library, MDU Rohtak